00517cam a22001577a 4500008003600000082001400036245005400050260000900104300000900113500003200122650004100154650002600195700003200221999001900253952008700272180718b xxu||||| |||| 00| 0 eng d aDx54 K145 aKargil Review Committee Report: executive summary abc a41p. aChairman: L K. Subrahmanyam aIndia - Foreign relations - Pakistan aKargil conflict, 1999 aSubrahmanyam, K. (Chairman) c491240d491240 00104070aIIPAbIIPAd2018-08-04oDx54 K145pGG24838r2018-08-04w2018-08-04yGG